| 000 | 01372nam a22002537a 4500 | ||
|---|---|---|---|
| 005 | 20170124103044.0 | ||
| 010 | _aB-256958 | ||
| 020 |
_c250.00 _a8190225715 |
||
| 037 | _bCen Lib/Ret | ||
| 040 |
_aDPL _bHN |
||
| 082 |
_aक _bग्रीमब्र |
||
| 100 |
_aग्रिम ब्रादर्स _968246 |
||
| 245 |
_aग्रिम ब्रादर्स की रोचक कथाएं / _cग्रिम ब्रादर्स ; अनुवादक चित्रा वारेरकर |
||
| 246 |
_aGrim brothers ki rochak kathayen _b by Grim Brothers ; anuvadak Chitraa Varerkar |
||
| 260 |
_a दिल्ली _bसेंट जोज़फ पब्लिशिंग हाउस |
||
| 270 |
_aसुदेश विला बी -71, डी डी ए कॉलोनी वेस्ट गौरख पार्क शाहदरा _b दिल्ली _e110032 |
||
| 300 |
_a208पृष्ठ. : _c20सेमी(सजिल्द) _bचित्र. |
||
| 650 |
_aहिंदी साहित्य _968247 |
||
| 650 |
_aबाल कहानियां-हिंदी कहानी _968248 |
||
| 650 |
_aHindi literature _968249 |
||
| 650 |
_aChildren's stories- Hindi Story _968250 |
||
| 700 |
_aवरेरकर, चित्रा _968251 |
||
| 942 |
_2ddc _cHN _hक _mग्रिमब्र |
||
| 999 |
_c116774 _d116774 |
||